LEADER 02441nas 2200625- 450 001 9910247060403321 005 20241130213016.0 011 $a1867-2957 035 $a(DE-599)ZDB2486761-5 035 $a(OCoLC)404979207 035 $a(CKB)1000000000543518 035 $a(CONSER)--2018205300 035 $a(EXLCZ)991000000000543518 100 $a20090620a20099999 --- a 101 0 $aeng 135 $aur||||||||||| 181 $ctxt$2rdacontent 182 $cc$2rdamedia 183 $acr$2rdacarrier 200 00$aMathematical programming computation 210 1$aBerlin :$cSpringer-Verlag,$d2009- 215 $a1 online resource 300 $aRefereed/Peer-reviewed 311 08$a1867-2949 330 3 $aThis scholarly journal publishes articles on computational issues in mathematical programming. Articles report on innovative software, comparative tests, modeling environments, libraries of data, and applications. Coverage includes linear programming, convex optimization, nonlinear programming, stochastic and robust optimization, integer programming, combinatorial optimization, network algorithms, and global optimization. 517 1 $aMath. prog. comp 517 1 $aMPC 531 0 $aMath. program comput. 606 $aProgramming (Mathematics)$vPeriodicals 606 $aMathematics$xData processing$vPeriodicals 606 $aProgrammation (Mathématiques)$vPériodiques 606 $aMathématiques$xInformatique$vPériodiques 606 $aMathematics$xData processing$2fast$3(OCoLC)fst01012179 606 $aProgramming (Mathematics)$2fast$3(OCoLC)fst01078701 606 $aProgramació (Matemàtica)$2thub 608 $aPeriodical 608 $aperiodicals.$2aat 608 $aPeriodicals.$2fast 608 $aPeriodicals.$2lcgft 608 $aPériodiques.$2rvmgf 608 $aRevistes electròniques.$2thub 615 0$aProgramming (Mathematics) 615 0$aMathematics$xData processing 615 6$aProgrammation (Mathématiques) 615 6$aMathématiques$xInformatique 615 7$aMathematics$xData processing. 615 7$aProgramming (Mathematics) 615 7$aProgramació (Matemàtica) 676 $a519.7 712 02$aMathematical Programming Society (U.S.), 712 02$aMathematical Optimization Society, 906 $aJOURNAL 912 $a9910247060403321 996 $aMathematical programming computation$91931269 997 $aUNINA